| 000 | 01522cam a22004218i 4500 | ||
|---|---|---|---|
| 999 |
_c29513 _d29484 |
||
| 001 | 018197138 | ||
| 003 | EG-ScBUE | ||
| 005 | 20210927111755.0 | ||
| 006 | m||||fq||h 00| 0 | ||
| 008 | 170126r20132007enko f 000 0 eng d | ||
| 020 | _a9780194748094 | ||
| 020 | _a9780194748100 | ||
| 040 |
_aStDuBDS _beng _erda _cStDuBDS _dEG-ScBUE |
||
| 082 | 0 | 4 |
_a428.2402465 _bGRA _222 |
| 100 | 1 |
_aGrant, David, _d1959 June 1- _eauthor. |
|
| 245 | 1 | 0 |
_aBusiness result : _bpre-intermediate. _pStudent's book / _cDavid Grant, Jane Hudson, Robert McLarty. |
| 246 | 3 | 4 |
_aBusiness result : _bbusiness English you can take to work today. |
| 246 | 3 | 3 | _aStudent's book |
| 250 | _aReprinted edition. | ||
| 264 | 1 |
_aOxford : _bOxford University Press, _c2013. |
|
| 300 |
_a159 pages : _bphotographs ; _c30 cm + _e1 CD |
||
| 336 |
_atext _2rdacontent _btxt |
||
| 336 |
_asounds _2rdacontent _bsnd |
||
| 337 |
_aunmediated _2rdamedia _bn |
||
| 337 |
_aaudio _2rdamedia _bs |
||
| 338 |
_avolume _2rdacarrier _bnc |
||
| 338 |
_acomputer disc _2rdacarrier _bcd |
||
| 500 | _aInteractive workbook material by Gareth Davies & Shaun Wilden. | ||
| 650 | 7 |
_aEnglish language _xBusiness English. _2BUEsh |
|
| 650 | 7 |
_aEnglish language _vTextbooks for foreign speakers. _2BUEsh |
|
| 650 | 7 |
_aEnglish language _xSpoken English. _2BUEsh |
|
| 653 |
_bHHUUEENN _cSeptember2021 |
||
| 655 |
_vReading book _934232 |
||
| 700 | 1 |
_aHudson, Jane _c(College teacher), _eauthor. |
|
| 700 | 1 |
_aMcLarty, Robert, _eauthor. |
|
| 942 |
_2ddc _cBB |
||